Wykluczanie według kategorii - stany USA - Statystyki

Ogólne statystyki
  • Ten quiz został rozwiązany 405 razy
  • Średni wynik to 9 z 16
Statystyki odpowiedzi
Grupa # Kategoria % Poprawnych
Zielony 44 Co najmniej milion ludności
100%
Zielony 23 Są śródlądowe
96%
Pomarańczowy 41 Co najmniej 25 900 km² powierzchnii lądowej
85%
Pomarańczowy 11 Zawierają literę E
82%
Fioletowy 29 Nie kończą się na literę A
78%
Niebieski 28 Zawierają samogłoskę w dwuliterowych skrótach
74%
Fioletowy 18 Z 8 lub więcej literami w nazwie
73%
Pomarańczowy 4 Są częścią Południowego Regionu Spisu Ludności
70%
Zielony 3 Graniczą z Kanadą
66%
Niebieski 15 O maksymalnej wysokości liczącej ponad 1000 metrów
66%
Fioletowy 6 Której stolica jest ich najludniejszym miastem
34%
Zielony 1 I nie zaczynają się od litery M Idaho
32%
Pomarańczowy 1 I który głosował za niebieskimi w wyborach w 2020 roku Georgia
18%
Niebieski 3 Uczestniczyły w Zakupie Luizjany
13%
Fioletowy 1 I mają maksymalną wysokość ponad 3000 metrów Kolorado
10%
Niebieski 1 Którego stolica zawiera dokładnie 7 liter Nebraska
2%
Nie znaleziono quizów pasujących do podanych kryteriów
Rozkład punktacji
Procent ludzi z każdym wynikiem
Percentyl według liczby udzielonych odpowiedzi
Twoja historia wyników
Nie rozwiązałeś tego quizu